| 000 | 00489nam a22001697a 4500 | ||
|---|---|---|---|
| 005 | 20251108172349.0 | ||
| 008 | 250721s1988 xx 000 0 eng d | ||
| 082 | 1 | 4 | _a665/ali |
| 100 | 1 | _aattiga, ali ahmad | |
| 245 | 1 | 0 |
_ainterdependence on the oil bridge : _brisks and opportunities / |
| 264 | 1 |
_alondon : _bpetroleum information committee of the gulf states, _c1988. |
|
| 300 | _a173p. | ||
| 650 | 1 | 7 | _apetroleum |
| 650 | 1 | 7 | _aindustry & trade |
| 942 |
_2ddc _cBK |
||
| 999 |
_c77330 _d77330 |
||